| 000 | 00537nam a2200157 a 4500 | ||
|---|---|---|---|
| 008 | 120416s0000 ||||||||||||||||| || u | ||
| 020 | _a0827310072 | ||
| 050 | _aTL 271.5 Dwi | ||
| 100 | _aDwiggins, Boyce H | ||
| 245 | 1 | 0 | _aAutomotive air conditioning |
| 250 | _a4th ed. | ||
| 260 |
_aAlbany, [N.Y.] _bDelmar Publishers _c1978 |
||
| 300 | _avi, 408p. : ill. | ||
| 350 | _a0.00 | ||
| 995 |
_D0.00 _FCBU-MAIN LIBRARY (Kitwe) _H1 _I10.95 _UAVAILABLE _ZMain Library Open Access Collection |
||
| 999 |
_c35350 _d35350 |
||